[Event "SR 2. liga A 2014/2015"]
[Site "?"]
[Date "2014.10.11"]
[Round "1.2"]
[White "Madar, Martin"]
[Black "Lukac, Tomas"]
[Result "1-0"]
[WhiteElo "2174"]
[BlackElo "2049"]
[PlyCount "155"]
[EventDate "2014.??.??"]

1. e4 e5 2. Nf3 Nc6 3. Nc3 Nf6 4. d4 exd4 5. Nd5 Be7 6. Bf4 d6 7. Nxd4 O-O 8.
Nb5 Nxd5 9. exd5 Ne5 10. Qd2 Ng6 11. Be3 c5 12. O-O-O a6 13. Nc3 b5 14. h4 Qa5
15. Kb1 Ne5 16. Bg5 Ra7 17. Ne4 Qxd2 18. Rxd2 f6 19. Bf4 Bf5 20. Ng3 Bd7 21.
Bd3 Re8 22. h5 Bf8 23. b3 b4 24. Bf5 Bxf5 25. Nxf5 g6 26. hxg6 hxg6 27. Ne3
Rae7 28. Rdd1 f5 29. Rdg1 Rh7 30. Rxh7 Kxh7 31. a3 bxa3 32. Ka2 Nf7 33. Rh1+
Kg8 34. Bh2 Re4 35. Rf1 Be7 36. Kxa3 Rh4 37. Bg3 Rd4 38. c3 Rd3 39. c4 Rd2 40.
Ra1 Bf6 41. Ra2 Rd3 42. Ka4 Bc3 43. Re2 Kf8 44. Nc2 Rd2 45. Rxd2 Bxd2 46. f3
Ke7 47. Be1 Bf4 48. Ka5 g5 49. Kxa6 g4 50. g3 Bc1 51. f4 Nh6 52. b4 cxb4 53.
Bxb4 Kd7 54. Bc3 Nf7 55. Kb5 Nd8 56. Nd4 Be3 57. Nxf5 Bf2 58. Bd4 Be1 59. Bf6
Nb7 60. Bh4 Nc5 61. Ne3 Ne4 62. Nxg4 Bxg3 63. Bxg3 Nxg3 64. Nf2 Ne2 65. Nd3 Ng3
66. c5 dxc5 67. Kxc5 Ne4+ 68. Kd4 Nd2 69. Nc5+ Ke7 70. Ne4 Nf3+ 71. Kc5 Nh4 72.
Kc6 Ng6 73. f5 Ne5+ 74. Kc7 Ke8 75. d6 Nd7 76. f6 Ne5 77. Ng5 Kf8 78. d7 1-0

[Event "SR 2. liga A 2014/2015"]
[Site "?"]
[Date "2014.10.11"]
[Round "1.2"]
[White "Bango, Lukas"]
[Black "Michal, Silvio"]
[Result "1/2-1/2"]
[WhiteElo "1917"]
[BlackElo "2089"]
[PlyCount "75"]
[EventDate "2014.??.??"]

1. c4 e6 2. Nc3 Nf6 3. d4 Bb4 4. a3 Bxc3+ 5. bxc3 c5 6. e3 Ne4 7. Qc2 f5 8. Bd3
d5 9. cxd5 exd5 10. Bxe4 fxe4 11. dxc5 O-O 12. Ne2 Na6 13. O-O Nxc5 14. c4 b6
15. cxd5 Ba6 16. Ra2 Rc8 17. Qd1 Nd3 18. Rd2 Nxc1 19. Nxc1 Bxf1 20. Kxf1 Qc7
21. Ne2 Qxh2 22. d6 Rcd8 23. Qb3+ Kh8 24. Nf4 Rxf4 25. exf4 Qh1+ 26. Ke2 Qxg2
27. Qg3 Qxg3 28. fxg3 Kg8 29. Ke3 Kf7 30. Kxe4 Ke6 31. f5+ Kd7 32. g4 Rc8 33.
g5 Rc1 34. Rh2 Re1+ 35. Kd5 Rd1+ 36. Ke5 Re1+ 37. Kd5 Rd1+ 38. Ke5 1/2-1/2

[Event "SR 2. liga A 2014/2015"]
[Site "?"]
[Date "2014.10.11"]
[Round "1.2"]
[White "Zacik, Anton"]
[Black "Mackovic, Matus"]
[Result "1/2-1/2"]
[WhiteElo "1936"]
[BlackElo "1949"]
[PlyCount "94"]
[EventDate "2014.??.??"]

1. e4 c6 2. d4 d5 3. exd5 cxd5 4. c4 Nc6 5. c5 Nf6 6. Nf3 a6 7. h3 b6 8. b4
bxc5 9. bxc5 e6 10. Bd3 Be7 11. O-O O-O 12. Nc3 Qc7 13. Re1 Nd7 14. Bg5 Re8 15.
Qd2 Nf8 16. Na4 Bxg5 17. Qxg5 f6 18. Qd2 Bb7 19. Qb2 Rad8 20. Rab1 Rd7 21. Nb6
Rde7 22. Bc2 Nd7 23. Nxd5 exd5 24. Rxe7 Rxe7 25. Qxb7 Qxb7 26. Rxb7 Nf8 27.
Rxe7 Nxe7 28. Bb3 Kf7 29. Kf1 Ne6 30. g3 Nc7 31. Ke2 Ke6 32. Bc2 g6 33. g4 Nb5
34. Ke3 h6 35. Bd3 Nc7 36. Nh4 g5 37. Nf5 Nxf5+ 38. Bxf5+ Ke7 39. f4 Kd8 40.
fxg5 fxg5 41. Kd3 Nb5 42. Be6 Nc7 43. Bg8 Kd7 44. Bh7 Kc6 45. Bf5 a5 46. Ke3
Kb5 47. Bd7+ Kb4 1/2-1/2

[Event "SR 2. liga A 2014/2015"]
[Site "?"]
[Date "2014.10.11"]
[Round "1.2"]
[White "Kozinka, Roman"]
[Black "Srna, Jan"]
[Result "1-0"]
[WhiteElo "2001"]
[BlackElo "1957"]
[PlyCount "79"]
[EventDate "2014.??.??"]

1. c4 f5 2. Nf3 e6 3. Nc3 Nf6 4. g3 d5 5. cxd5 exd5 6. Bg2 c6 7. O-O Bd6 8. Rb1
O-O 9. e3 Qe7 10. a3 Ne4 11. Qc2 a5 12. d3 Nf6 13. Re1 Qc7 14. Nd4 Be5 15. Na4
b6 16. Bd2 Bd7 17. Qb3 Ra6 18. Rbc1 Qa7 19. Nf3 Bc7 20. e4 Be6 21. Nd4 Bf7 22.
e5 b5 23. Nc5 Bb6 24. Nxa6 Bxd4 25. Be3 Bxe3 26. fxe3 Ng4 27. Nxb8 d4 28. e6
Rxb8 29. exf7+ Kf8 30. e4 f4 31. Rxc6 Ne5 32. Re6 Qc7 33. gxf4 Nxf7 34. e5 Qd8
35. Rc1 Qh4 36. Rec6 Qxf4 37. Rc8+ Rxc8 38. Rxc8+ Ke7 39. Rc7+ Ke8 40. Qe6+ 1-0

[Event "SR 2. liga A 2014/2015"]
[Site "?"]
[Date "2014.10.11"]
[Round "1.2"]
[White "Hajtmanek, Stanislav"]
[Black "Mackovic, Miroslav"]
[Result "1/2-1/2"]
[WhiteElo "1762"]
[BlackElo "1846"]
[PlyCount "73"]
[EventDate "2014.??.??"]

1. d4 Nf6 2. c4 g6 3. Nc3 d6 4. Bf4 Bg7 5. e4 Nfd7 6. Nf3 Nc6 7. Qd2 h6 8.
O-O-O a6 9. e5 g5 10. Bg3 O-O 11. h4 g4 12. Nh2 f5 13. Bf4 dxe5 14. Bxh6 e6 15.
d5 Nd4 16. Bxg7 Kxg7 17. g3 exd5 18. Nxd5 b5 19. Bg2 c6 20. Nf4 Nc5 21. Qe3
exf4 22. Qe5+ Qf6 23. Qxc5 Ne2+ 24. Kb1 f3 25. Bf1 Re8 26. h5 bxc4 27. Rd6 Re6
28. h6+ Kh8 29. Rxe6 Bxe6 30. Bxe2 fxe2 31. Re1 Bd5 32. Rxe2 Be4+ 33. Rxe4 fxe4
34. Nxg4 Qf7 35. Qe5+ Kh7 36. Qxe4+ Qg6 37. Qxg6+ 1/2-1/2

[Event "SR 2. liga A 2014/2015"]
[Site "?"]
[Date "2014.10.11"]
[Round "1.2"]
[White "Bango, Dominik"]
[Black "Kosnac, Patrik"]
[Result "0-1"]
[WhiteElo "1557"]
[BlackElo "1235"]
[PlyCount "88"]
[EventDate "2014.??.??"]

1. e4 e6 2. d4 d5 3. exd5 exd5 4. Bd3 Nf6 5. Nc3 Bb4 6. Nge2 O-O 7. O-O Be6 8.
Bg5 Nbd7 9. a3 Bd6 10. f4 Nb6 11. Qe1 h6 12. Bh4 Be7 13. Bxf6 Bxf6 14. Qg3 Re8
15. f5 Bd7 16. Kh1 c6 17. b3 Bg5 18. Nf4 Qf6 19. Nh5 Qxd4 20. f6 Re3 21. Ne2
Qxa1 22. Rxa1 Rxg3 23. Nexg3 g6 24. Re1 gxh5 25. Nxh5 Re8 26. Rxe8+ Bxe8 27. a4
Nd7 28. Ng3 Nxf6 29. Nf5 Ne4 30. Kg1 Bd7 31. Bxe4 dxe4 32. Nd6 f5 33. Nxb7 Bc8
34. Na5 c5 35. Nc6 a6 36. Kf2 Kf7 37. g3 Ke6 38. h4 Bf6 39. Na5 Kd5 40. Ke3 Be5
41. Nc4 Bc7 42. Kf2 Kd4 43. Ne3 Bxg3+ 44. Ke2 Bxh4 0-1

[Event "SR 2. liga A 2014/2015"]
[Site "?"]
[Date "2014.10.11"]
[Round "1.3"]
[White "Rohacek, Miroslav"]
[Black "Takacs, Laszlo"]
[Result "1-0"]
[WhiteElo "2272"]
[BlackElo "2110"]
[PlyCount "105"]
[EventDate "2014.??.??"]

1. Nf3 Nf6 2. c4 g6 3. Nc3 Bg7 4. g3 O-O 5. Bg2 d6 6. O-O c5 7. d4 cxd4 8. Nxd4
a6 9. b3 Qc7 10. Bb2 Nc6 11. Nc2 Be6 12. Qd2 Rfd8 13. Ne3 Rac8 14. Ncd5 Bxd5
15. cxd5 Ne5 16. Bd4 b5 17. Bh3 Ne4 18. Qb2 f5 19. f4 Bf6 20. Nxf5 Nd7 21. Ne3
Qc5 22. Rad1 Bxd4 23. Be6+ Kg7 24. Qxd4+ Qxd4 25. Rxd4 Nc3 26. Kf2 Rc5 27. Bxd7
Rxd7 28. a3 Rd8 29. Ra1 a5 30. Kf3 Rb8 31. g4 b4 32. a4 Rf8 33. h4 h6 34. Rh1
Kh7 35. Rd2 Rf7 36. Rc1 Nxa4 37. Rxc5 Nxc5 38. Rb2 Rf8 39. Nc2 Rc8 40. Nd4 Kg7
41. Nc6 e6 42. Nxa5 exd5 43. Rd2 Ra8 44. Nc6 Ra3 45. Nxb4 Rxb3+ 46. Nd3 Kf6 47.
Ke3 Ra3 48. Rb2 Nxd3 49. exd3 Ra1 50. Rb8 Rh1 51. g5+ hxg5 52. hxg5+ Ke6 53.
Rf8 1-0

[Event "SR 2. liga A 2014/2015"]
[Site "?"]
[Date "2014.10.11"]
[Round "1.3"]
[White "Veselsky, Jozef"]
[Black "Kralovic, Andrej"]
[Result "1/2-1/2"]
[WhiteElo "2133"]
[BlackElo "2172"]
[PlyCount "110"]
[EventDate "2014.??.??"]

1. d4 Nf6 2. Nf3 d5 3. c4 c6 4. Nc3 a6 5. e3 b5 6. cxd5 cxd5 7. Bd3 Bb7 8. O-O
e6 9. Re1 Be7 10. a3 Nbd7 11. Qe2 O-O 12. e4 dxe4 13. Nxe4 Bxe4 14. Bxe4 Nxe4
15. Qxe4 Nf6 16. Qd3 Qb6 17. Bd2 Rac8 18. Rac1 Qb7 19. Qb3 Rxc1 20. Rxc1 Rc8
21. Rxc8+ Qxc8 22. Qc3 Qb7 23. Qc2 h6 24. h3 Nd5 25. Ne5 Bf6 26. Qc6 Qxc6 27.
Nxc6 Ne7 28. Nb8 Bxd4 29. b3 Nd5 30. Nxa6 Kf8 31. Nb4 Nb6 32. Nc2 Bb2 33. Be3
Nd5 34. Bc5+ Ke8 35. a4 bxa4 36. bxa4 Kd7 37. Bd4 Bxd4 38. Nxd4 Nb6 39. a5 Nc4
40. a6 Kc7 41. a7 Kb7 42. Nb5 Ne5 43. f4 Nc6 44. Kf2 Nxa7 45. Nd6+ Kc6 46. Nxf7
Kd7 47. Ne5+ Ke7 48. g4 Nb5 49. h4 Nd6 50. Ke3 h5 51. Ng6+ Kf6 52. gxh5 Nf5+
53. Kf3 Nh6 54. Ke4 Nf5 55. Nf8 Nd6+ 1/2-1/2

[Event "SR 2. liga A 2014/2015"]
[Site "?"]
[Date "2014.10.11"]
[Round "1.3"]
[White "Kimerling, Martin"]
[Black "Kalmar, Tamas"]
[Result "1/2-1/2"]
[WhiteElo "2157"]
[BlackElo "1966"]
[PlyCount "75"]
[EventDate "2014.??.??"]

1. d4 Nf6 2. c4 e6 3. Nc3 d5 4. Bg5 Be7 5. Nf3 c6 6. e3 Nbd7 7. Bd3 O-O 8. O-O
h6 9. Bh4 dxc4 10. Bxc4 b5 11. Bd3 a6 12. Qe2 c5 13. Rad1 cxd4 14. exd4 Bb7 15.
Ne5 Nd5 16. Bg3 Nxe5 17. Bxe5 Nxc3 18. bxc3 Bd6 19. Qg4 Bxe5 20. dxe5 Qg5 21.
Qxg5 hxg5 22. c4 Bc6 23. Rb1 Rfd8 24. cxb5 Bxb5 25. Bxb5 axb5 26. Rxb5 Rxa2 27.
g3 Rdd2 28. Kg2 Kh7 29. Kf3 Kg6 30. Rb3 Kf5 31. Rb7 Kg6 32. h4 Ra3+ 33. Kg4
Rd4+ 34. f4 gxh4 35. gxh4 f5+ 36. exf6 gxf6 37. h5+ Kh6 38. Rf7 1/2-1/2

[Event "SR 2. liga A 2014/2015"]
[Site "?"]
[Date "2014.10.11"]
[Round "1.3"]
[White "Meszaros, Lorant"]
[Black "Sahidi, Samir"]
[Result "0-1"]
[WhiteElo "2071"]
[BlackElo "2026"]
[PlyCount "66"]
[EventDate "2014.??.??"]

1. d4 Nf6 2. c4 e6 3. g3 d5 4. Bg2 c6 5. Nf3 dxc4 6. Ne5 Bb4+ 7. Bd2 Qxd4 8.
Bxb4 Qxe5 9. Bc3 Qc7 10. Bxf6 gxf6 11. Qd4 Qe5 12. Qd2 O-O 13. Nc3 Nd7 14. O-O
Nb6 15. e4 f5 16. Rfe1 Qf6 17. e5 Rd8 18. Qf4 Qg7 19. Qh4 Bd7 20. Rad1 Nd5 21.
Ne4 fxe4 22. Rxe4 f5 23. exf6 Nxf6 24. Rf4 Rf8 25. Rxd7 Qxd7 26. Rxf6 Rxf6 27.
Qxf6 Rf8 28. Qg5+ Qg7 29. Qd2 Qf6 30. Bh3 Kh8 31. Qe2 b5 32. f4 Rd8 33. Bxe6
Re8 0-1

[Event "SR 2. liga A 2014/2015"]
[Site "?"]
[Date "2014.10.11"]
[Round "1.3"]
[White "Sklars, Tomas"]
[Black "Darazs, Zoltan"]
[Result "1-0"]
[WhiteElo "2005"]
[BlackElo "2128"]
[PlyCount "97"]
[EventDate "2014.??.??"]

1. Nc3 c5 2. Nf3 Nc6 3. e4 Nf6 4. d4 cxd4 5. Nxd4 e5 6. Ndb5 d6 7. Bg5 a6 8.
Na3 b5 9. Nd5 Be7 10. Nxe7 Nxe7 11. f3 Be6 12. c4 bxc4 13. Nxc4 Bxc4 14. Bxc4
Qb6 15. Qb3 Qxb3 16. Bxb3 O-O 17. O-O Nc6 18. Rfd1 Nd4 19. Bc4 h6 20. Bh4 Rfb8
21. b3 a5 22. Bf2 a4 23. Bxd4 exd4 24. Rab1 axb3 25. axb3 Nd7 26. Rxd4 Ne5 27.
Bf1 Rb6 28. h3 g5 29. b4 Ra4 30. Be2 Kf8 31. Bd1 Ra3 32. b5 Ke7 33. Be2 Ra2 34.
Kf1 h5 35. Rdd1 Ke6 36. Ra1 Rxa1 37. Rxa1 d5 38. Ra6 Nd7 39. exd5+ Kxd5 40.
Rxb6 Nxb6 41. f4 h4 42. fxg5 Ke4 43. Bh5 Kf4 44. Bxf7 Kxg5 45. Ke2 Kf4 46. Be8
Nc8 47. Bc6 Kg3 48. Bf3 Kf4 49. Kd3 1-0

[Event "SR 2. liga A 2014/2015"]
[Site "?"]
[Date "2014.10.11"]
[Round "1.3"]
[White "Vegh, Vince"]
[Black "Macko, Miroslav"]
[Result "0-1"]
[WhiteElo "1919"]
[BlackElo "2010"]
[PlyCount "106"]
[EventDate "2014.??.??"]

1. e4 e5 2. Nf3 Nc6 3. Bb5 f5 4. exf5 e4 5. Bxc6 bxc6 6. Ne5 Nf6 7. d4 Ba6 8.
Bg5 d6 9. Nxc6 Qd7 10. Nb4 Bb7 11. Bxf6 gxf6 12. Qh5+ Qf7 13. Qxf7+ Kxf7 14.
Nc3 Rb8 15. O-O-O Rg8 16. Rhg1 Bh6+ 17. Kb1 e3 18. fxe3 Bxe3 19. Rge1 Bf2 20.
Re2 Rxg2 21. Nbd5 Re8 22. Rxe8 Kxe8 23. Nxc7+ Kd7 24. Ne6 Bf3 25. Rf1 Rxh2 26.
Nd1 Be2 27. Rxf2 Rh1 28. b3 Rxd1+ 29. Kb2 Bg4 30. Kc3 h5 31. Nf8+ Ke7 32. Ng6+
Kf7 33. Nf4 Rh1 34. Ng6 Rh3+ 35. Kc4 Rf3 36. Rxf3 Bxf3 37. a4 Be4 38. Nh4 Bxc2
39. a5 Be4 40. b4 Bb7 41. b5 Kg7 42. a6 Ba8 43. d5 Kh6 44. Nf3 h4 45. Nxh4 Kg5
46. Ng6 Kxf5 47. Ne7+ Ke4 48. Nc6 f5 49. Nxa7 f4 50. Nc6 f3 51. b6 f2 52. b7
f1=Q+ 53. Kb4 Bxb7 0-1

[Event "SR 2. liga A 2014/2015"]
[Site "?"]
[Date "2014.10.11"]
[Round "1.3"]
[White "Vrtiakova, Anna"]
[Black "Szitasi, Janos"]
[Result "0-1"]
[WhiteElo "1966"]
[BlackElo "1943"]
[PlyCount "84"]
[EventDate "2014.??.??"]

1. e4 c5 2. Nf3 Nc6 3. Bb5 d6 4. O-O g6 5. c3 Qb6 6. Ba4 Bg7 7. d3 Bd7 8. Nbd2
Nf6 9. Re1 Qc7 10. Nf1 a6 11. Ng3 e5 12. d4 O-O 13. Bg5 h6 14. dxe5 dxe5 15.
Bxf6 Bxf6 16. Nf1 b5 17. Bb3 c4 18. Bc2 Be6 19. Qc1 Kg7 20. Ne3 Rfd8 21. b3
cxb3 22. Bxb3 Bxb3 23. axb3 Ne7 24. Qc2 Bg5 25. Nxg5 hxg5 26. c4 Qc5 27. Rec1
bxc4 28. Nxc4 Nc6 29. Qb2 Qb5 30. h3 Nd4 31. b4 Rab8 32. Rab1 a5 33. Kh1 axb4
34. Ne3 Rd7 35. Nd5 b3 36. Nc3 Qd3 37. Ra1 Rbb7 38. Ra5 f6 39. f3 Rdc7 40. Rd5
Rxc3 41. Ra1 Qc2 42. Qb1 Qxb1+ 0-1

[Event "SR 2. liga A 2014/2015"]
[Site "?"]
[Date "2014.10.11"]
[Round "1.3"]
[White "Csefalvay, Stefan"]
[Black "Suchansky, Jakub"]
[Result "0-1"]
[WhiteElo "1831"]
[BlackElo "1910"]
[PlyCount "66"]
[EventDate "2014.??.??"]

1. d4 Nf6 2. c4 c5 3. Nf3 cxd4 4. Nxd4 e5 5. Nc2 d5 6. cxd5 Qxd5 7. Qxd5 Nxd5
8. e4 Nf6 9. Nc3 Be6 10. Bb5+ Nbd7 11. O-O Bc5 12. Be3 O-O 13. Rfd1 Bxe3 14.
Nxe3 Nc5 15. f3 a6 16. Bc4 b5 17. Bd5 Ra7 18. b4 Bxd5 19. Nexd5 Ne6 20. Nxf6+
gxf6 21. Nd5 Kg7 22. a4 Rfa8 23. a5 Rc8 24. Rac1 Rd8 25. Kf2 Nd4 26. Rc3 f5 27.
g4 fxe4 28. fxe4 Rd6 29. h3 Rad7 30. Ke3 Ne6 31. Rcd3 Nf4 32. Nxf4 exf4+ 33.
Ke2 f3+ 0-1

[Event "SR 2. liga A 2014/2015"]
[Site "?"]
[Date "2014.10.11"]
[Round "1.4"]
[White "Smolen, Jan"]
[Black "Karas, Marek"]
[Result "1-0"]
[WhiteElo "2453"]
[BlackElo "2170"]
[PlyCount "63"]
[EventDate "2014.??.??"]

1. Nf3 Nf6 2. c4 e6 3. Nc3 d5 4. e3 Be7 5. b3 O-O 6. Bb2 b6 7. cxd5 exd5 8. Be2
Bb7 9. O-O c5 10. d4 Nc6 11. Rc1 Rc8 12. dxc5 bxc5 13. Na4 Nb4 14. Bxf6 Bxf6
15. Rxc5 Nxa2 16. Qd2 Nc3 17. Rxc3 Bxc3 18. Nxc3 Qa5 19. Nb1 Qxd2 20. Nbxd2 Rc2
21. Ra1 a6 22. Kf1 Rfc8 23. Bd3 Rc1+ 24. Rxc1 Rxc1+ 25. Ke2 g6 26. Nd4 a5 27.
h4 Kg7 28. Nb1 Bc8 29. Kd2 Rc7 30. Nc3 Be6 31. Bb5 Ra7 32. Bc6 1-0

[Event "SR 2. liga A 2014/2015"]
[Site "?"]
[Date "2014.10.11"]
[Round "1.4"]
[White "Petrik, Stanislav"]
[Black "Sosovicka, Juraj"]
[Result "0-1"]
[WhiteElo "2147"]
[BlackElo "2215"]
[PlyCount "150"]
[EventDate "2014.??.??"]

1. e4 e5 2. Nf3 Nc6 3. d4 exd4 4. c3 d5 5. exd5 Qxd5 6. cxd4 Bg4 7. Be2 Bb4+ 8.
Nc3 Bxf3 9. Bxf3 Qc4 10. Bxc6+ bxc6 11. Qe2+ Qxe2+ 12. Kxe2 O-O-O 13. Be3 Ne7
14. g4 f5 15. h3 Rhe8 16. Kf3 Rf8 17. Kg3 Bd6+ 18. Kg2 f4 19. Bc1 f3+ 20. Kf1
c5 21. Be3 cxd4 22. Bxd4 Bf4 23. Bc5 Rfe8 24. h4 Nc6 25. Rh3 Rd3 26. g5 Red8
27. Kg1 Nd4 28. Rf1 Ne2+ 29. Kh1 Be5 30. Bb4 Nxc3 31. Bxc3 Rd1 32. Bxe5 Rxf1+
33. Kh2 Rxf2+ 34. Kg3 Re2 35. Bc3 Rf8 36. Rh1 f2 37. Rf1 Re3+ 38. Kg2 Re4 39.
Bxg7 Rf7 40. Bf6 Rxh4 41. Kg3 Ra4 42. Rxf2 Rxa2 43. Kg4 Ra6 44. Kf5 Kd7 45. Rh2
Ra5+ 46. Kf4 Rd5 47. Rh3 c6 48. Kg4 Kd6 49. Kf4 c5 50. Ra3 Rd2 51. Ke4 Kc6 52.
Ke5 Re2+ 53. Kf5 Rd7 54. Rh3 Red2 55. Ke4 c4 56. Ra3 Kb5 57. Re3 R2d3 58. Re1
a5 59. Kf5 a4 60. Be7 Rd2 61. Bf6 Rd1 62. Re8 Rf1+ 63. Ke6 Rb7 64. Ra8 Kb4 65.
Kd5 Rf5+ 66. Ke4 Rfb5 67. Rc8 Rd7 68. Rc6 Kb3 69. Ra6 Rbb7 70. Ke3 Rd3+ 71. Ke2
Rh3 72. Bd4 Rh2+ 73. Kf3 Rxb2 74. Bxb2 Kxb2 75. Rxa4 c3 0-1

[Event "SR 2. liga A 2014/2015"]
[Site "?"]
[Date "2014.10.11"]
[Round "1.4"]
[White "Oprea, Erik"]
[Black "Petrik, Karol"]
[Result "1-0"]
[WhiteElo "2163"]
[BlackElo "2072"]
[PlyCount "22"]
[EventDate "2014.??.??"]

1. c4 Nf6 2. Nc3 g6 3. d4 Bg7 4. e4 O-O 5. Be3 d6 6. f3 Nc6 7. Qd2 e5 8. d5 Nd4
9. Bd3 c5 10. Nge2 Ne8 11. O-O f5 1-0

[Event "SR 2. liga A 2014/2015"]
[Site "?"]
[Date "2014.10.11"]
[Round "1.4"]
[White "Polacik, Igor"]
[Black "Sosovicka, Matej"]
[Result "1/2-1/2"]
[WhiteElo "2173"]
[BlackElo "2155"]
[PlyCount "61"]
[EventDate "2014.??.??"]

1. e4 c5 2. Nf3 d6 3. b3 Nc6 4. Bb2 e5 5. Na3 Be7 6. Bb5 f5 7. Bxc6+ bxc6 8. d3
Nf6 9. Nd2 O-O 10. Nac4 fxe4 11. dxe4 Ng4 12. f3 Bh4+ 13. g3 Nxh2 14. gxh4
Qxh4+ 15. Ke2 Qf4 16. Qg1 Nxf3 17. Nxf3 Bg4 18. Ncd2 Bxf3+ 19. Nxf3 Qxf3+ 20.
Kd2 Qxe4 21. Re1 Qf4+ 22. Kd1 Qf2 23. Qg5 Qf3+ 24. Kc1 Qf4+ 25. Qxf4 Rxf4 26.
Rd1 Rf6 27. Rh2 Re8 28. Rh4 h6 29. Ra4 Re7 30. Ra6 Rc7 31. Bc3 1/2-1/2

[Event "SR 2. liga A 2014/2015"]
[Site "?"]
[Date "2014.10.11"]
[Round "1.4"]
[White "Prikler, Bruno"]
[Black "Krajnak, Robert"]
[Result "1/2-1/2"]
[WhiteElo "2072"]
[BlackElo "2103"]
[PlyCount "34"]
[EventDate "2014.??.??"]

1. c4 c5 2. Nc3 b6 3. Nf3 Bb7 4. g3 Nf6 5. Bg2 e6 6. O-O Be7 7. d3 O-O 8. a3
Nc6 9. Ne5 Qc7 10. Nxc6 Bxc6 11. e4 Qb7 12. Qe2 d6 13. b4 cxb4 14. axb4 b5 15.
Re1 Rfc8 16. Bd2 Bf8 17. d4 bxc4 1/2-1/2

[Event "SR 2. liga A 2014/2015"]
[Site "?"]
[Date "2014.10.11"]
[Round "1.4"]
[White "Orosi, Peter"]
[Black "Ochrana, Ladislav"]
[Result "1-0"]
[WhiteElo "2041"]
[BlackElo "1994"]
[PlyCount "101"]
[EventDate "2014.??.??"]

1. e4 c5 2. Nf3 Nc6 3. d4 cxd4 4. Nxd4 Qb6 5. Nb3 Nf6 6. Nc3 d6 7. Be3 Qd8 8.
Be2 g6 9. Qd2 Be6 10. Nd4 Nxd4 11. Bxd4 Bg7 12. Bb5+ Bd7 13. Bc4 Qc8 14. Bb3
Be6 15. f3 h5 16. O-O-O Bxb3 17. axb3 Bh6 18. f4 Bg7 19. Nd5 e5 20. fxe5 Nxd5
21. exd5 dxe5 22. Be3 a5 23. d6 Qd7 24. Qd5 O-O 25. h3 a4 26. b4 a3 27. bxa3
Rxa3 28. Bg5 Rc8 29. Rhf1 Ra1+ 30. Kd2 Rxd1+ 31. Kxd1 b5 32. Be7 Rc4 33. Qxf7+
Kh7 34. Rf6 Qa7 35. Qxg6+ Kh8 36. Qe8+ Kh7 37. Qxh5+ Kg8 38. Qf7+ Kh7 39. Rh6+
Kxh6 40. Bg5+ Kxg5 41. Qxa7 Bf6 42. Qe3+ Kf5 43. c3 Ke6 44. g4 e4 45. Kd2 Kxd6
46. g5 Bg7 47. h4 Ke6 48. Qb6+ Ke7 49. Qb7+ Kf8 50. Qxb5 Rxc3 51. Qb8+ 1-0

[Event "SR 2. liga A 2014/2015"]
[Site "?"]
[Date "2014.10.11"]
[Round "1.4"]
[White "Szollos, Ondrej"]
[Black "Nemsak, Denis"]
[Result "0-1"]
[WhiteElo "1972"]
[BlackElo "1957"]
[PlyCount "96"]
[EventDate "2014.??.??"]

1. Nf3 f5 2. d3 Nf6 3. c3 d6 4. e4 e5 5. exf5 Bxf5 6. Be2 c6 7. Nbd2 Nbd7 8.
Nf1 Qe7 9. Ng3 Be6 10. Ng5 g6 11. Nxe6 Qxe6 12. Ne4 d5 13. Nxf6+ Nxf6 14. O-O
O-O-O 15. Be3 Kb8 16. b4 d4 17. cxd4 exd4 18. Bf4+ Bd6 19. Bxd6+ Qxd6 20. Bf3
Nd5 21. Bxd5 Qxd5 22. a3 h5 23. Rc1 Rhe8 24. a4 Qf5 25. Qd2 Rd5 26. Rc4 g5 27.
b5 cxb5 28. axb5 Rxb5 29. Rxd4 Qf6 30. Rb4 Rxb4 31. Qxb4 Rd8 32. Qe4 Qd4 33.
Qg6 Qxd3 34. Qxg5 Qd5 35. h4 a5 36. Qf6 Rd6 37. Qf4 Ka7 38. Qa4 Ka6 39. Qe8 Rd8
40. Qe2+ b5 41. Rc1 a4 42. Qe3 Rd7 43. Rc5 Qd1+ 44. Kh2 Qd4 45. Qe6+ Qd6+ 46.
Qxd6+ Rxd6 47. Rxh5 a3 48. Rh8 Ka5 0-1

[Event "SR 2. liga A 2014/2015"]
[Site "?"]
[Date "2014.10.11"]
[Round "1.4"]
[White "Goga, Frantisek"]
[Black "Kucera, Michal"]
[Result "1-0"]
[WhiteElo "1909"]
[BlackElo "1934"]
[PlyCount "57"]
[EventDate "2014.??.??"]

1. e4 c5 2. Nf3 Nc6 3. Bb5 g6 4. O-O Bg7 5. c3 a6 6. Bxc6 dxc6 7. h3 e5 8. d3
Ne7 9. Be3 b6 10. Na3 a5 11. Nc4 Qc7 12. Qd2 O-O 13. Bh6 f6 14. Bxg7 Kxg7 15.
Rad1 Be6 16. Ne3 b5 17. Ng4 Bxg4 18. hxg4 Rad8 19. g5 c4 20. gxf6+ Rxf6 21. Qg5
Rxd3 22. Qxe5 Qd6 23. Rxd3 cxd3 24. Rd1 c5 25. Qg5 h6 26. Qe3 Rf7 27. Qxd3 Qe6
28. Ne5 c4 29. Qd4 1-0

[Event "SR 2. liga A 2014/2015"]
[Site "?"]
[Date "2014.10.11"]
[Round "1.5"]
[White "Bury, Rastislav"]
[Black "Janos, Martin"]
[Result "1-0"]
[WhiteElo "2147"]
[BlackElo "2215"]
[PlyCount "161"]
[EventDate "2014.??.??"]

1. d4 d6 2. Nf3 Nf6 3. g3 Nbd7 4. Bg2 e5 5. c4 c6 6. Nc3 Qe7 7. e4 g6 8. O-O
Bg7 9. Re1 O-O 10. h3 a6 11. a4 Rd8 12. Be3 Nf8 13. Qe2 Bd7 14. dxe5 dxe5 15.
Bb6 Rdc8 16. c5 Be8 17. b4 N6d7 18. a5 Ne6 19. Nd2 Nxb6 20. axb6 a5 21. bxa5
Qxc5 22. Nc4 Nd4 23. Qd3 Rd8 24. a6 bxa6 25. Na4 Qe7 26. Na5 c5 27. b7 Ra7 28.
Nb6 Bb5 29. Qb1 Qc7 30. Nd5 Qd6 31. Ra2 Bf8 32. Rd1 Rb8 33. Bf1 Bc6 34. Qb6
Bxd5 35. Qxd6 Bxd6 36. exd5 Raxb7 37. Nxb7 Rxb7 38. Rxa6 Bf8 39. Kg2 Rb2 40.
Rc1 Bh6 41. Re1 Rd2 42. g4 Bg5 43. Bc4 Bh4 44. Ra2 Bxf2 45. Rxe5 Rxa2 46. Bxa2
Bh4 47. d6 Kg7 48. Re7 Kf6 49. Rxf7+ Ke5 50. Rxh7 Bf6 51. Rf7 g5 52. Kf2 Bd8
53. Rf8 Nc6 54. d7 Kd6 55. Bc4 Kxd7 56. Bb5 Ke7 57. Rg8 Nd4 58. Re8+ Kf6 59.
Rxd8 Nxb5 60. Rd5 Nc3 61. Rf5+ Ke6 62. Kf3 Nd5 63. Rxg5 Kd6 64. Rxd5+ Kxd5 65.
Ke3 Kc4 66. Kd2 Kb3 67. Kc1 Kc4 68. g5 Kd5 69. g6 Ke6 70. h4 Kf6 71. h5 Kg7 72.
Kc2 Kh6 73. Kc3 Kg7 74. Kc4 Kh6 75. Kxc5 Kg7 76. Kd6 Kf6 77. Kd5 Kg7 78. Ke6
Kg8 79. h6 Kf8 80. g7+ Kg8 81. Kf6 1-0

[Event "SR 2. liga A 2014/2015"]
[Site "?"]
[Date "2014.10.11"]
[Round "1.5"]
[White "Certek, Pavel"]
[Black "Jozefek, Michal"]
[Result "1-0"]
[WhiteElo "2267"]
[BlackElo "2064"]
[PlyCount "79"]
[EventDate "2014.??.??"]

1. d4 Nf6 2. c4 e6 3. Nc3 Bb4 4. Qc2 O-O 5. a3 Bxc3+ 6. Qxc3 b6 7. Nf3 Bb7 8.
e3 d6 9. b3 Nbd7 10. Bb2 Ne4 11. Qc2 f5 12. Bd3 Qe7 13. O-O Ng5 14. Nxg5 Qxg5
15. e4 e5 16. Rae1 Rae8 17. dxe5 dxe5 18. f3 f4 19. b4 Rf6 20. c5 bxc5 21. Rd1
Bc8 22. Rf2 Rh6 23. Bf1 Qh4 24. h3 Qg3 25. Kh1 Nf8 26. Bc3 cxb4 27. axb4 Rg6
28. Be1 Bxh3 29. Rfd2 Qg5 30. Qxc7 Be6 31. Rd8 Qe7 32. Qxe7 Rxe7 33. Bf2 Rf6
34. Kg1 Rc7 35. Ra8 g5 36. Bxa7 g4 37. Bb8 Rc8 38. Bxe5 Rxa8 39. Bxf6 gxf3 40.
gxf3 1-0

[Event "SR 2. liga A 2014/2015"]
[Site "?"]
[Date "2014.10.11"]
[Round "1.5"]
[White "Gasa, Patrik"]
[Black "Janos, Jozef"]
[Result "0-1"]
[WhiteElo "2074"]
[BlackElo "2151"]
[PlyCount "134"]
[EventDate "2014.??.??"]

1. d4 Nf6 2. c4 g6 3. Nc3 Bg7 4. e4 d6 5. Nf3 O-O 6. h3 e5 7. d5 a5 8. Be3 Na6
9. Be2 Nh5 10. Qd2 Qe8 11. Nb5 f5 12. exf5 gxf5 13. g4 fxg4 14. hxg4 Nf4 15.
Bxf4 Rxf4 16. Ng5 Qg6 17. Nh3 Rf7 18. Ng5 Bh6 19. Rxh6 Qxh6 20. Nxf7 Qxd2+ 21.
Kxd2 Kxf7 22. f3 Bd7 23. Nc3 Nc5 24. Rh1 Kg7 25. Bd3 Nxd3 26. Kxd3 Be8 27. Ke3
Bg6 28. Ne4 Bxe4 29. Kxe4 Rf8 30. b3 Rf4+ 31. Ke3 Kg6 32. Rh2 h6 33. Rh1 Rf6
34. Ke4 c6 35. dxc6 bxc6 36. Rd1 Kf7 37. Rh1 Ke6 38. Rh5 d5+ 39. cxd5+ cxd5+
40. Ke3 d4+ 41. Ke2 Kd5 42. g5 Rf5 43. Rxh6 Rxg5 44. a3 a4 45. bxa4 Rg2+ 46.
Kd3 Ra2 47. Rh5 Rxa3+ 48. Ke2 Re3+ 49. Kf2 Kc4 50. a5 Kd3 51. a6 Re2+ 52. Kf1
Ra2 53. Rxe5 Rxa6 54. Re8 Kc3 55. Ke2 Ra2+ 56. Ke1 Ra1+ 57. Kf2 d3 58. Rc8+ Kd2
59. f4 Kd1 60. f5 Ra5 61. f6 d2 62. Kf3 Rf5+ 63. Ke3 Rxf6 64. Rd8 Re6+ 65. Kf2
Re2+ 66. Kf1 Re1+ 67. Kf2 Kc2 0-1

[Event "SR 2. liga A 2014/2015"]
[Site "?"]
[Date "2014.10.11"]
[Round "1.5"]
[White "Fabry, Robert"]
[Black "Pericka, Tomas"]
[Result "1/2-1/2"]
[WhiteElo "2129"]
[BlackElo "2010"]
[PlyCount "40"]
[EventDate "2014.??.??"]

1. Nf3 c5 2. b3 Nc6 3. Bb2 Nf6 4. e3 d6 5. Be2 g6 6. c4 Bg7 7. d3 O-O 8. O-O b6
9. a3 Bb7 10. Qc2 e6 11. Rd1 d5 12. cxd5 Nxd5 13. Bxg7 Kxg7 14. Nc3 Nxc3 15.
Qxc3+ Qf6 16. Qxf6+ Kxf6 17. d4 cxd4 18. Nxd4 Nxd4 19. Rxd4 Rfd8 20. Rf4+ Ke7
1/2-1/2